00837nam a2200265 a 450000100060000000300080000600500170001400800410003103500190007204000310009104100080012208200250013010000360015524500510019125000120024226000290025430000290028350000200031265000250033265000230035765100270038094200120040799900170041995201350043673796BD-RjUL20211209082440.0170612s1950 enka 00100 eng d a(BD-RjUL)74014 aDLC/ICUcICUbengdBD-RjUL aeng0 a551.22223bJEE 19501 aJeffreys, Haroldd1891-921851310aEarthquakes and mountains /cHarold Jeffreys.  a2nd ed. aLondon :bMethuen,c1950 a191 p. :bill. ;c20 cm. aIncludes index. 0aEarthquakes.9218514 0aMountains.9218515 0aEarth (Planet)9218516 2ddccBK c73796d73796 00102ddc40718NFICaRUCLbRUCLcReadingd1955-11-11eW.B.Cg10.26l0o551.22 JEE 1950r2017-06-12 00:00:00tC-1w2017-06-12yBK